00791nam a22002297a 450000500170000001000130001702000220003003500130005203700160006504000120008108200160009310000290010924500660013826000360020427000590024030000240029965000230032365000260034694200250037299900190039795201450041620170124110155.0 aA-826319 c00.00a8171547800 aA-826319 bCen Lib/Ret aDPLbEN a181.45bPAT aPati, Madhusudan 934925 aBhagavad gita :cby Madhusudan Patiba literary elucidation / aMumbaic1997bPopular prakashan bMumbaia35-C, Pandit madan mohan malviya nagare400034 avii,210p.c20cm(Hb) aPhilosophy 992406 aBhagavad gita 992407 2ddccENh181.45mPAT c132506d132506 04104070aLbLd2015-07-22eCen Lib/Retg0.00l0o181.45 PATpA-826319r2015-07-22 00:00:00t1v0.00w2015-07-22yENzW/d list no. 6804/18